The Minister's Muslim Friends (Record no. 21821)

MARC details
000 -LEADER
fixed length control field 00336nam a2200109Ia 4500
100 ## - MAIN ENTRY--AUTHOR NAME
Author name Dwight M. Donaldson
245 #4 - TITLE STATEMENT
Title The Minister's Muslim Friends
500 ## - GENERAL NOTE
General note The Henry martyn School of Islamic Studies July- August 1942
650 ## - SUBJECT ADDED ENTRY--TOPICAL TERM
Topical Term Interfaith Relations and Dialogue
942 ## - ADDED ENTRY ELEMENTS (KOHA)
Koha item type Book Reviews

No items available.

                   Copyright © 2026 | Henry Martyn Institute | Hyderabad | TS-500052 | INDIA | Implemented by hmi.edu.in
Hit-Count:

Powered by Koha